000 01263nac a22003011i 4500
003 EG-ScBUE
005 20260315094219.0
008 260214s1992 enka f b 001 0 eng d
020 _a0521366720
020 _a9780521366724
040 _aEG-ScBUE
_beng
_erda
_cEG-ScBUE
_dEG-ScBUE
082 0 4 _a567.91
_bDIN
_222
245 0 0 _aDinosaur systematics :
_bapproaches and perspectives /
_cedited by Kenneth Carpenter, Denver Museum of Natural History, and Philip J. Currie, Tyrrell Museum of Palaeontology.
250 _aFirst paperback edition.
264 1 _aCambridge :
_bCambridge University Press,
_c1992.
300 _axiii, 318 pages :
_billustrations ;
_c26 cm
336 _2rdacontent
_atext
_btxt
337 _aunmediated
_2rdamedia
_bn
338 _avolume
_bnc
_2rdacarrier
500 _aPapers from the Dinosaur Systematics Symposium, held June 3-5, 1986, at the Tyrrell Museum of Palaeontology, Drumheller, Alberta.
504 _aIncludes bibliographical references and index.
650 7 _aDinosaurs
_xCongresses.
_2BUEsh
655 _vReading book
700 1 _aCarpenter, Kenneth,
_d1949-
_eeditor.
700 1 _aCurrie, Philip J.,
_eeditor.
711 2 _aDinosaur Systematics Symposium
_d(1986 :
_cTyrrell Museum of Palaeontology)
942 _cBB
_2ddc
999 _c6144
_d6144